The Drop-out problem in primary education : some case studies : China, India, Peninsular Malaysia, Socialist Republic of Viet Nam, Sri Lanka, Thailand /

Saved in:
Bibliographic Details
Corporate Author: Unesco
Format: Book
Language:English
Published: Bangkok : Unesco Regional Office for Education in Asia and the Pacific, 1984.
Subjects:
LEADER 01098nam a2200253 a 4500
001 c000387504
003 CARM
005 00000000000000.0
008 880401s1984 th 00000 eng d
019 1 |a 69851519  |5 LACONCORD2021 
035 |a (OCoLC)18400312  |5 LACONCORD2021 
040 |a VDU  |c VDU 
043 |a a------ 
082 0 4 |a 371.2913  |2 19 
245 0 4 |a The Drop-out problem in primary education :  |b some case studies : China, India, Peninsular Malaysia, Socialist Republic of Viet Nam, Sri Lanka, Thailand /  |c Unesco. 
260 |a Bangkok :  |b Unesco Regional Office for Education in Asia and the Pacific,  |c 1984. 
300 |a 250 p. ;  |c 22.5 cm. 
500 |a At head of title: Towards universalization of primary education in Asia and the Pacific. 
650 0 |a Education, Primary  |z Asia. 
650 0 |a Primary school dropouts  |z Asia. 
710 2 |a Unesco. 
852 8 |b CARM  |h A3:AD25A0  |i B11610  |p 0479793  |f BK 
999 f f |i 0de8e789-585a-5fde-97a1-cbc851ddb900  |s 8750c134-707d-5d87-b122-384a0f071983 
952 f f |p Can circulate  |a CAVAL  |b CAVAL  |c CAVAL  |d CARM 1 Store  |e B11610  |f A3:AD25A0  |h Other scheme  |i book  |m 0479793